<?xml version="1.0" encoding="UTF-8"?>
<record
    xmlns:xsi="http://www.w3.org/2001/XMLSchema-instance"
    xsi:schemaLocation="http://www.loc.gov/MARC21/slim http://www.loc.gov/standards/marcxml/schema/MARC21slim.xsd"
    xmlns="http://www.loc.gov/MARC21/slim">

  <leader>01134nam a22001697a 4500</leader>
  <controlfield tag="005">20240508145741.0</controlfield>
  <controlfield tag="008">240502b        |||||||| |||| 00| 0 eng d</controlfield>
  <datafield tag="041" ind1=" " ind2=" ">
    <subfield code="a">English</subfield>
  </datafield>
  <datafield tag="082" ind1=" " ind2=" ">
    <subfield code="a">646.33</subfield>
    <subfield code="b">MOY</subfield>
  </datafield>
  <datafield tag="100" ind1=" " ind2=" ">
    <subfield code="a">Moyer Earl D.</subfield>
    <subfield code="9">206406</subfield>
  </datafield>
  <datafield tag="245" ind1=" " ind2=" ">
    <subfield code="a">Principles of Double Knitting</subfield>
  </datafield>
  <datafield tag="260" ind1=" " ind2=" ">
    <subfield code="b">Montrose Supply &amp; Equipment Co.</subfield>
    <subfield code="c">1972</subfield>
  </datafield>
  <datafield tag="300" ind1=" " ind2=" ">
    <subfield code="a">121</subfield>
  </datafield>
  <datafield tag="520" ind1=" " ind2=" ">
    <subfield code="a">&#x2022;	Weaving
&#x2022;	Warp &amp; Weft Knitting
&#x2022;	Types of Needles
&#x2022;	Needle Housing of Weft Knitting Machines
&#x2022;	The Latch Needle in Operation
&#x2022;	Cam Action
&#x2022;	Construction of Fabric
&#x2022;	Types of Double Knit Machines
&#x2022;	 Gating
&#x2022;	Miss &amp; Tuck Stitches
&#x2022;	Classic Fabrics
&#x2022;	Tension
&#x2022;	Needle Timing
&#x2022;	Yarn Carrier Settings
&#x2022;	Jacquard Fabrics
&#x2022;	Yielding
&#x2022;	Trouble Shooting
&#x2022;	Barrs &amp; Color Defects
&#x2022;	Needle Oiling
&#x2022;	Re-needling of Double Knit Machines
&#x2022;	Fibers
&#x2022;	Production Formula
&#x2022;	Patterning on Wheel Machines
&#x2022;	Patterning on Drum Machines
&#x2022;	Patterning on Peg Drum Machines
&#x2022;	Patterning on Clavette Drum Machines
&#x2022;	Jacquard Card Patterning
&#x2022;	Mini-Jacquard
</subfield>
  </datafield>
  <datafield tag="650" ind1=" " ind2=" ">
    <subfield code="a">Knitting</subfield>
    <subfield code="9">185101</subfield>
  </datafield>
  <datafield tag="942" ind1=" " ind2=" ">
    <subfield code="c">DB</subfield>
  </datafield>
  <datafield tag="999" ind1=" " ind2=" ">
    <subfield code="c">357848</subfield>
    <subfield code="d">357848</subfield>
  </datafield>
  <datafield tag="952" ind1=" " ind2=" ">
    <subfield code="0">0</subfield>
    <subfield code="1">0</subfield>
    <subfield code="2">ddc</subfield>
    <subfield code="4">0</subfield>
    <subfield code="7">0</subfield>
    <subfield code="a">SOFT</subfield>
    <subfield code="b">SOFT</subfield>
    <subfield code="d">2024-03-22</subfield>
    <subfield code="l">0</subfield>
    <subfield code="o">646.33 MOY</subfield>
    <subfield code="p">SOFT-BK-D90</subfield>
    <subfield code="r">2024-05-02 00:00:00</subfield>
    <subfield code="v">1.00</subfield>
    <subfield code="y">DB</subfield>
    <subfield code="z">D90</subfield>
  </datafield>
</record>
